000 00535nam a2200205Ia 4500
005 20250425162132.0
008 250425s9999 xx 000 0 und d
041 _aspa
082 _a631.41
245 0 _aSUELO Y PISCICULTURA DE AGUA DULCE
250 _a1A ED.
260 _aItalia
_bFAO
_c1985
260 _aROMA
_bFAO
300 _a173
500 _aSERIE: METODOS SENCILLOS PARA LA ACUICULTURA. COLECCION FAO. CAPACITACION
650 _aPECES DE AGUA DULCE
650 _aSUELOS-ANALISIS
942 _c01
010 _a52097
999 _c223032
_d223032